000 00611nam a2200229Ia 4500
003 OSt
005 20220924132959.0
006 a|||||r|||| 00| 0
007 ta
008 220923b |||||||| |||| 00| 0 ara d
024 _a254877
037 _cTextual
040 _aARTS
_cARTS
_bara
041 _2ara
_aara
082 _aO19973,3x, 28M3
100 _aAbbas Mehmood Al Aqqad
_9205443
245 0 _aAl unwan man kissa al kertabi al adab
260 _c1983
650 _aARABIC LITERATURE
942 _hO19973,3x, 28M3
_cTEXL
_2CC
999 _c432247
_d432247